000 00223 a2200097 4500
001 27874
100 _aBoff, V
245 _aYou can be physically perfect powerful strong
260 _a
_bArco Pub.
_c
090 _c18611
_d18611
942 _aNUST-CAE
_cM
_c9571
999 _c262947
_d262947